Quiz « Quelques mots d’amour » - Statistiques

Statistiques générales
  • Ce quiz a été pris 67 fois
  • Le résultat moyen est 17 sur 32
Statistiques - réponses
Paroles Paroles % Correct
Quelques ____ d’amour mots
84%
__ t’envoie mon décor je
78%
Je t’envoie ___ voyages mes
76%
Que _________ mots d’amour quelques
76%
D’où vient ce sentiment _______ que je suis seul bizarre
74%
Quelques mots _______ d’amour
72%
Il manque ________ près de moi quelqu’un
71%
Je t’envoie comme un _________ à une étoile papillon
67%
J’écoute les battements __ ___ _____ répéter de mon cœur
64%
Je me retourne ____ __ _____ est là tout le monde
64%
Je t’envoie mes _______ images
60%
Où des millions de gens se connaissent __ ___ si mal
60%
Je t’envoie comme un papillon à une ______ étoile
59%
__ _______ mes images je t’envoie
57%
Mes _____ d’aéroport jours
55%
Où l’air chaud peut être _______ glacial
53%
Je t’envoie mes plus belles victoires sur _______ __ ____ l’ironie du sort
53%
Mes jours ________ d’aéroport
52%
De mon village ________ capitale
50%
Je t’envoie mes sourires des jours où __ __ ____ ____ ____ je me sens plus fort
50%
Je t’envoie mon _____ décor
48%
________ ____ ______ quelques mots d’amour
48%
Je t’envoie ___ ____ ______ _________ sur l’ironie du sort mes plus belles victoires
47%
Je t’envoie ___ _______ mes voyages
45%
Où ___ ________ de gens se connaissent si mal des millions
43%
Aucune _______ ne saura remplacer musique
41%
Je t’envoie mes ________ ___ _____ où je me sens plus fort sourires des jours
41%
De mon village _ ____ _ ______ à cent à l’heure
34%
Parmi tous ces ____ __ ___ ______ qui ne veulent amis et ces filles
29%
Et dans ___ ______ pour danser ces boîtes
29%
Où ___ _______ greffent les cœurs les docteurs
28%
Les _____ passent inhabitées nuits
28%
Aucun quiz correspondant
Distribution des résultats
% des personnes avec chaque résultat
Percentile par nombre de réponses
Votre historique - résultats
Vous n’avez pas pris ce quiz